000 00541nam a2200181 4500
999 _c170493
_d170493
005 20191216171652.0
010 _aENG-127160
020 _a9788178245508
_c395.00
035 _aEN-110692
037 _bDBAD/PUB
082 _a808.838
100 _aSales, Joan
245 _aUncertain glory /
_cby Joan Sales
260 _aRanikhet
_bPermanent Black
_c2014
270 _aHimalayana, Mall Road, Ranikhet Cantt
_bRanikhet
_e263645
_mperblack@gmail.com
300 _avi;457p .
_c21cm(pbk)
942 _2ddc
_cEN
_h808.838
_mSAL